000 00757nam a22002417a 4500
999 _c13573
_d13573
003 AR-CdUCM
008 190415b ||||| |||| 00| 0 spa d
020 _a968-16-1724-X
040 _aMUNICIPALIDAD PROVINCIAL DEL CUSCO
_cBIBLIOTECA MUNICIPAL DEL CUSCO
082 _aES / 373.869 /
_bG96
100 _aGutierrez Nájera, M.
_932034
245 _aLa novela del tranvia y otros cuentos /
260 _aMexico :
_bFondo de cultura economica,
_c1984.
300 _a164 paginas ;
_bilustraciones,
_c21 cm.
440 _aLecturas mexicanas
_n55
_932035
500 _aLiteratura mexicana
650 _aLectura
_92069
650 _aLiteratura
_983
650 _aHistoria
_9136
650 _aSiglo XX
_98
942 _2ddc
_cLIBROS
945 _apjha
_d2019-04-15